| 000 | 00475nab a2200145Ia 4500 | ||
|---|---|---|---|
| 003 | ES-SlBCS | ||
| 005 | 20210601145445.0 | ||
| 008 | 140529s1954 xxu||||| |||| 00| 0 spa d | ||
| 041 | _aspa | ||
| 100 | 1 |
_aPhilipon, María M. _9139017 |
|
| 245 | 0 | 0 |
_aLos dones del Espíritu Santo en Cristo, la Virgen y los santos _c María M. Philipon |
| 650 | 0 | 4 |
_aDones del Espíritu Santo _9139874 |
| 773 | 0 |
_tRevista de Teologia _gvol. 4, nº. 14, 1954, págs. 71-75 _wRev722 |
|
| 942 | _cAR | ||
| 999 |
_c724629 _d724629 |
||